00683nam a22002177a 450000500170000001000150001702000260003203500140005803700130007208200150008510000190010024500640011925000100018326000400019327000590023330000270029250000510031970000390037070000290040970000270043820231130144544.0 aENG-138495 a9789393330543c575.00 aEN-122027 aDBAD/PUB a5742First aJha, Abhimanyu aBiology Foundation For Class X/cBy Abhimanyu Jha...[et.al] aFIrst aHyderabadbUniversities Pressc2015 a3-6-747/1/A & 3-6-754/1 HimayatnagarbHyderbade500029 avpp. b26cm(pbk)cill. a Includes bibliographical references and index dVelramar, Balasubramanian aAuthor dAwasthi, ArchanaaAuthor dGupta, SaurabhaAuthor